The Global pesticide pushers in Latin America /

Salvato in:
Dettagli Bibliografici
Autore principale: Langman, Jimmy
Natura: testo
Tags: Aggiungi Tag
Nessun Tag, puoi essere il primo ad aggiungerne!!

MARC

LEADER 00000 a a2200000 04500
001 10080
003
040
100 |a Langman, Jimmy  
245 |a The Global pesticide pushers in Latin America /  |c Jimmy Langman 
773 |g volumen 41, número 1; páginas 5-10  
999 |c 38377  |d 38377